000 01553nab a2200217 ab4500
005 20250918140118.0
008 250918c2024 ck fr p o ||| 00| 0 spa d
040 _aMX-MxUPN
_bspa
_cMX-MxUPN
_eaacr2
100 1 _aCorrea Álvarez, Yojan Adrián
_957881
245 1 3 _aLa dependencia cognitiva
_h[recurso electrónico en línea]
506 0 _aAcceso abierto
520 3 _aEl presente artículo de reflexión no derivado de investigación es una opinión del autor, a partir de la cual define el concepto de dependencia cognitiva con la intención de ayudar a visibilizar un fenómeno contemporáneo, limitante de las capacidades espirituales humanas, posibilitado a través del acto de delegar, y sobre el cual se sostiene el facilismo contemporáneo que amenaza con disminuir las mencionadas capacidades. Durante el desarrollo del presente texto, se enuncian las posibles consecuencias que puede traer para la persona individual y para la humanidad la reducción de estas capacidades y sugiere un método sencillo y evidente como estrategia que ayude a prevenir estas consecuencias. Poiesis.
653 _aDependencia cognitiva
653 _aFacultades cognitivas
653 _aNeuroplasticidad
773 _gNo. 46 (2024), p. 57-61
_tPoiesis : revista electrónica de psicología social
_x1692-0945
856 _uhttps://revistas.ucatolicaluisamigo.edu.co/index.php/poiesis/article/view/4772
856 _uhttps://revistas.ucatolicaluisamigo.edu.co/index.php/poiesis/article/view/4772/4326
902 _bLeonor Sotres/180925
942 _cART-E
999 _c214137
_d214137